NFL Starting Quarterbacks 2025 - Statistics

General Stats
  • This quiz has been taken 168 times
    25 since last reset
  • The average score is 18 of 32
Answer Stats
Div Team Player % Correct
AFC East Buffalo Bills Josh Allen
100%
AFC East New England Patriots Drake Maye
95%
NFC East Philadelphia Eagles Jalen Hurts
89%
NFC East Dallas Cowboys Dak Prescott
84%
NFC North Green Bay Packers Jordan Love
79%
AFC North Pittsburgh Steelers Aaron Rodgers
74%
AFC West Denver Broncos Bo Nix
74%
NFC North Chicago Bears Caleb Williams
74%
AFC South Houston Texans CJ Stroud
74%
NFC East New York Giants Jaxson Dart
74%
AFC North Cincinnati Bengals Joe Burrow
74%
AFC North Baltimore Ravens Lamar Jackson
74%
NFC North Minnesota Vikings JJ McCarthy
68%
NFC North Detroit Lions Jared Goff
63%
NFC West Seattle Seahawks Sam Darnold
63%
AFC South Jacksonville Jaguars Trevor Lawrence
63%
NFC West San Francisco 49ers Brock Purdy
58%
NFC South Carolina Panthers Bryce Young
58%
AFC West Los Angeles Chargers Justin Herbert
58%
NFC West Los Angeles Rams Matthew Stafford
58%
AFC South Tennessee Titans Cam Ward
53%
NFC South Tampa Bay Buccaneers Baker Mayfield
47%
AFC West Las Vegas Raiders Geno Smith
47%
NFC South Atlanta Falcons Kirk Cousins
42%
AFC South Indianapolis Colts Phillip Rivers
37%
AFC North Cleveland Browns Shedeur Sanders
37%
NFC South New Orleans Saints Tyler Shough
32%
NFC West Arizona Cardinals Jacoby Brissett
26%
NFC East Washington Commanders Marcus Mariota
26%
AFC East Miami Dolphins Quinn Ewers
21%
AFC West Kansas City Chiefs Chris Oladokun
11%
AFC East New York Jets Tyrod Taylor
11%
No matching quizzes found
Score Distribution
Percent of People with Each Score
Percentile by Number Answered
Your Score History
You have not taken this quiz since the last reset